Normal view MARC view

Entry Personal Name

Number of records used in: 1

001 - CONTROL NUMBER

  • control field: 1069557

003 - CONTROL NUMBER IDENTIFIER

  • control field:

005 - DATE AND TIME OF LATEST TRANSACTION

  • control field: 20210627164610.0

008 - FIXED-LENGTH DATA ELEMENTS

  • fixed length control field: 210627|| aca||aabn | a|a d

040 ## - CATALOGING SOURCE

  • Original cataloging agency:
  • Transcribing agency:

100 ## - HEADING--PERSONAL NAME

  • Personal name: Weiss, Aaron

670 ## - SOURCE DATA FOUND

  • Source citation: Work cat.: ()1046000: Walter, Scott 1069556, The complete idiot's guide to JavaScript /, 1996
                                                                           
web counter

Copyright ©2020 The National Library of India, Govt. of India ↔ Hosted by NVLI, MOC ↔ Technology and Design by National Library of India, Ministry of Culture, Govt. of India